| 000 | 01959nam a22002657a 4500 | ||
|---|---|---|---|
| 003 | Uzh_bibl | ||
| 008 | 260514b |||||||| |||| 00| 0 ukr d | ||
| 020 |
_a978-617-09-1017-2 _c47.46 |
||
| 040 | _bукр. | ||
| 041 |
_2eng _aukr |
||
| 080 | _a821.111.(73) | ||
| 090 |
_a821.111.(73) _bВ 79 |
||
| 100 | _aВотсон,Джуд | ||
| 245 |
_a39 ключів.На глибині _cпер.Ігор Бондар-Терещенко _hТекст |
||
| 260 |
_aХарків _b"Ранок" _c2014 |
||
| 300 |
_a240 с. _fВ опр. |
||
| 490 | _vКн.6 | ||
| 520 | _aНа черговому етапі змагання за тридцятьма дев'ятьма ключами 14-річна Емі та її молодший брат Ден вирушають слідами батьків до Австралії. Там вони знайомляться зі своїм рідним дядьком Шепом, потерпають від родини Кабрів, дізнаються про те, що їхня няня вміє керувати літаком, і опиняються у підземному місті Кубер-Педі, найвідомішому місці на світі з видобутку опалів. В Австралії Емі несподівано починає згадувати подробиці тієї ночі, що забрала життя їхніх батьків, і в результаті перестає довіряти навіть власному братові, вже не розуміючи, хто їхній друг, а хто ворог. Саме це призводить до фатальної помилки.<br/> | ||
| 521 | _aДля широкого кола читачів | ||
| 546 | _aукр. | ||
| 650 | _aЛітературно-художнє видання | ||
| 653 |
_aСпогади _aНова родина |
||
| 655 |
_aПригоди _vРоман |
||
| 942 |
_2udc _cBK |
||
| 999 |
_c17757 _d17757 |
||